ARRUPE JESUIT UNIVERSITY

CORONAVIRUS -STOP THE SPREAD - CLEAN,DISINFECT,COVER

The philosophy of art / (Record no. 120204)

MARC details
000 -LEADER
fixed length control field 01827cam a22003974a 4500
001 - CONTROL NUMBER
control field 13933338
003 - CONTROL NUMBER IDENTIFIER
control field ARRUPE
005 - DATE AND TIME OF LATEST TRANSACTION
control field 20140317143743.0
008 - FIXED-LENGTH DATA ELEMENTS--GENERAL INFORMATION
fixed length control field 050418s2006 maua b 001 0 eng
010 ## - LIBRARY OF CONGRESS CONTROL NUMBER
LC control number 2005010994
020 ## - INTERNATIONAL STANDARD BOOK NUMBER
International Standard Book Number 1405120223 (hbk. : alk. paper)
020 ## - INTERNATIONAL STANDARD BOOK NUMBER
International Standard Book Number 1405120231 (pbk. : alk. paper)
020 ## - INTERNATIONAL STANDARD BOOK NUMBER
International Standard Book Number 9781405120227
Terms of availability (hbk. : alk. paper)
020 ## - INTERNATIONAL STANDARD BOOK NUMBER
International Standard Book Number 9781405120234
Terms of availability (pbk. : alk. paper)
035 ## - SYSTEM CONTROL NUMBER
System control number (OCoLC)ocm59818007
040 ## - CATALOGING SOURCE
Original cataloging agency DLC
Transcribing agency DLC
Modifying agency OCLCQ
-- BAKER
-- BWKUK
-- IXA
-- OCLCQ
-- UBY
-- OCLCQ
-- DLC
042 ## - AUTHENTICATION CODE
Authentication code pcc
050 00 - LIBRARY OF CONGRESS CALL NUMBER
Classification number N66
Item number .D32 2006
082 00 - DEWEY DECIMAL CLASSIFICATION NUMBER
Classification number 701
Edition number 22
300 ## - PHYSICAL DESCRIPTION
Other physical details col. ill. ;
Dimensions 24 cm.
100 1# - MAIN ENTRY--PERSONAL NAME
Personal name Davies, Stephen,
Dates associated with a name 1950-
9 (RLIN) 9096
245 14 - TITLE STATEMENT
Title The philosophy of art /
Statement of responsibility, etc Stephen Davies.
260 ## - PUBLICATION, DISTRIBUTION, ETC. (IMPRINT)
Place of publication, distribution, etc Malden, MA ;
-- Oxford :
Name of publisher, distributor, etc Blackwell Pub.,
Date of publication, distribution, etc 2006.
300 ## - PHYSICAL DESCRIPTION
Extent x, 239 p. :
440 #0 - SERIES STATEMENT/ADDED ENTRY--TITLE
Title Foundations of the philosophy of the arts
9 (RLIN) 9097
504 ## - BIBLIOGRAPHY, ETC. NOTE
Bibliography, etc Includes bibliographical references and index.
504 ## - BIBLIOGRAPHY, ETC. NOTE
Bibliography, etc Includes bibliographical references and index.
505 0# - FORMATTED CONTENTS NOTE
Formatted contents note Evolution and culture -- Defining art -- Aesthetics and the philosophy of art -- Varieties of art -- Interpretation -- Expression and emotional responses -- Pictorial representation and the visual arts -- The value of art.
650 #0 - SUBJECT ADDED ENTRY--TOPICAL TERM
Topical term or geographic name as entry element Aesthetics.
9 (RLIN) 9098
651 #0 - SUBJECT ADDED ENTRY--GEOGRAPHIC NAME
Geographic name Art
General subdivision Philosophy.
9 (RLIN) 9099
856 41 - ELECTRONIC LOCATION AND ACCESS
Materials specified Table of contents
Uniform Resource Identifier <a href="http://www.loc.gov/catdir/toc/ecip0511/2005010994.html">http://www.loc.gov/catdir/toc/ecip0511/2005010994.html</a>
856 42 - ELECTRONIC LOCATION AND ACCESS
Materials specified Contributor biographical information
Uniform Resource Identifier <a href="http://www.loc.gov/catdir/enhancements/fy0802/2005010994-b.html">http://www.loc.gov/catdir/enhancements/fy0802/2005010994-b.html</a>
856 42 - ELECTRONIC LOCATION AND ACCESS
Materials specified Publisher description
Uniform Resource Identifier <a href="http://www.loc.gov/catdir/enhancements/fy0802/2005010994-d.html">http://www.loc.gov/catdir/enhancements/fy0802/2005010994-d.html</a>
906 ## - LOCAL DATA ELEMENT F, LDF (RLIN)
a 7
b cbc
c orignew
d 1
e ecip
f 20
g y-gencatlg
942 ## - ADDED ENTRY ELEMENTS (KOHA)
Source of classification or shelving scheme Library of Congress Classification
Koha item type Monograph ( Printed materials)
Holdings
Withdrawn status Lost status Source of classification or shelving scheme Damaged status Not for loan Collection code Home library Current library Shelving location Date acquired Total Checkouts Full call number Barcode Date last seen Date checked out Price effective from Koha item type
    Library of Congress Classification     Main Collection ARRUPE LIBRARY ARRUPE LIBRARY Main Collection 17/03/2014 4 N66 .D32 2006 46500001984 11/04/2022 04/03/2022 17/03/2014 Monograph ( Printed materials)

 

Arrupe Library. PO Box MP320 Mt Pleasant, Harare, Zimbabwe
263 242 745411|librarian@aju.ac.zw